[Event "Oberliga Bayern 1920"]
[Site "Bayern"]
[Date "2019.12.08"]
[Round "4.2"]
[White "Jorczik, Julian Marcel"]
[Black "Bredl, Harald"]
[Result "1-0"]
[WhiteElo "2349"]
[BlackElo "2289"]
[PlyCount "81"]
[EventDate "2019.10.20"]
[EventType "team-tourn"]
[EventRounds "9"]
[EventCountry "GER"]
[SourceTitle "EXT 2021"]
[Source "ChessBase"]
[SourceDate "2020.10.23"]
[SourceVersion "1"]
[SourceVersionDate "2020.10.23"]
[SourceQuality "1"]
[WhiteTeam "Muenchen Suedost"]
[BlackTeam "Garching II"]
[WhiteTeamCountry "GER"]
[BlackTeamCountry "GER"]

1. d4 d5 2. c4 dxc4 3. Nf3 Nf6 4. e3 b5 5. a4 b4 6. Bxc4 e6 7. 0-0 Be7 8. a5 a6 9. Qe2 Bb7 10. Nbd2 0-0 11. Rd1 Nbd7 12. Nb3 Qb8 13. Bd2 c5 14. dxc5 Nxc5 15. Nxc5 Bxc5 16. Be1 Rc8 17. Nd4 Qc7 18. Nxe6 fxe6 19. Bxe6+ Kh8 20. Bxc8 Rxc8 21. f3 Qe7 22. Bf2 Rf8 23. Rd2 h6 24. Rad1 Qc7 25. Ra1 Qe7 26. Kh1 Nh5 27. Rad1 Qf6 28. Bg1 Qh4 29. Qe1 Qf6 30. e4 Be7 31. Qe3 Bc8 32. Qb6 Qe5 33. Bd4 Qg5 34. Be3 Qe5 35. Rd5 Qxb2 36. Rxh5 Qe2 37. Qd4 Rf6 38. Qd2 Qc4 39. Rc1 Qe6 40. Bg5 Bb7 41. Bxf6 1-0

[Event "Oberliga Bayern 1819"]
[Site "Bayern"]
[Date "2019.01.20"]
[Round "5.3"]
[White "Grabert, Ralf"]
[Black "Jorczik, Julian Marcel"]
[Result "0-1"]
[WhiteElo "2192"]
[BlackElo "2361"]
[PlyCount "92"]
[EventDate "2018.10.21"]
[EventType "team-tourn"]
[EventRounds "9"]
[EventCountry "GER"]
[SourceTitle "EXT 2020"]
[Source "ChessBase"]
[SourceDate "2019.10.17"]
[SourceVersion "1"]
[SourceVersionDate "2019.10.17"]
[SourceQuality "1"]
[WhiteTeam "Kareth Lappersdorf"]
[BlackTeam "Muenchen Suedost"]
[WhiteTeamCountry "GER"]
[BlackTeamCountry "GER"]

1. Nf3 Nf6 2. d4 g6 3. g3 Bg7 4. Bg2 0-0 5. 0-0 c6 6. b3 d5 7. Bb2 Bf5 8. h3 h5 9. Nbd2 a5 10. a3 a4 11. bxa4 Nbd7 12. Nh4 Nb6 13. Nxf5 gxf5 14. e3 Nxa4 15. Rb1 Nxb2 16. Rxb2 b5 17. Rb3 Qd6 18. Nb1 Kh7 19. h4 e6 20. Qe2 Ra7 21. Rd1 Rfa8 22. Rdd3 Bf8 23. Qf3 Qd7 24. Rdc3 Bd6 25. Bh3 Kg6 26. Rd3 Ra4 27. Bf1 Qe7 28. Rbc3 R8a6 29. Be2 Kg7 30. Kg2 Kf8 31. Rb3 Ke8 32. Rd1 Kd8 33. Rdd3 Kd7 34. Rd1 R4a5 35. Rdd3 Ng4 36. Rd1 Ra8 37. Rdd3 Rg8 38. Rdc3 Nf6 39. a4 b4 40. Rd3 Rxa4 41. Rd1 Ra2 42. c4 dxc4 43. Bxc4 Ne4 44. Rxb4 Bxg3 45. Bxa2 Bxf2+ 46. Kf1 Qxb4 0-1

[Event "Oberliga Bayern 1819"]
[Site "Bayern"]
[Date "2018.12.16"]
[Round "4.3"]
[White "Jorczik, Julian Marcel"]
[Black "Schmitz, Thorsten"]
[Result "1-0"]
[WhiteElo "2361"]
[BlackElo "2275"]
[PlyCount "71"]
[EventDate "2018.10.21"]
[EventType "team-tourn"]
[EventRounds "9"]
[EventCountry "GER"]
[SourceTitle "EXT 2020"]
[Source "ChessBase"]
[SourceDate "2019.10.17"]
[SourceVersion "1"]
[SourceVersionDate "2019.10.17"]
[SourceQuality "1"]
[WhiteTeam "Muenchen Suedost"]
[BlackTeam "Garching II"]
[WhiteTeamCountry "GER"]
[BlackTeamCountry "GER"]

1. d4 Nf6 2. Nf3 g6 3. c4 d6 4. g3 Bg7 5. Bg2 0-0 6. 0-0 c5 7. Nc3 Nc6 8. h3 cxd4 9. Nxd4 Nxd4 10. Qxd4 Be6 11. Qh4 Qa5 12. Bd2 Rac8 13. b3 b5 14. Qg5 Rc5 15. Nxb5 Qd8 16. Qe3 Rh5 17. g4 Nxg4 18. hxg4 Bxg4 19. Rae1 Bh6 20. f4 e5 21. Qg3 f5 22. Nc3 e4 23. Nxe4 fxe4 24. Qxg4 Rff5 25. Bxe4 Qb6+ 26. Rf2 Rhg5 27. Bxf5 Rxg4+ 28. Bxg4 Bg7 29. Be6+ Kh8 30. e3 h5 31. Bd5 Bf6 32. Rg2 Kg7 33. Be4 g5 34. fxg5 Be5 35. Rf1 h4 36. Rgf2 1-0

[Event "Oberliga Bayern 1819"]
[Site "Bayern"]
[Date "2018.10.21"]
[Round "1.1"]
[White "Jorczik, Julian Marcel"]
[Black "Schneider, Jana"]
[Result "1/2-1/2"]
[WhiteElo "2361"]
[BlackElo "2174"]
[PlyCount "70"]
[EventDate "2018.10.21"]
[EventType "team-tourn"]
[EventRounds "9"]
[EventCountry "GER"]
[SourceTitle "EXT 2020"]
[Source "ChessBase"]
[SourceDate "2019.10.17"]
[SourceVersion "1"]
[SourceVersionDate "2019.10.17"]
[SourceQuality "1"]
[WhiteTeam "Muenchen Suedost"]
[BlackTeam "Regensburg Bavaria"]
[WhiteTeamCountry "GER"]
[BlackTeamCountry "GER"]

1. d4 Nf6 2. Nf3 e6 3. c4 d5 4. Nc3 Be7 5. Bf4 0-0 6. e3 Nbd7 7. c5 Ne4 8. Qc2 g5 9. Bg3 f5 10. h3 Ndf6 11. Bh2 Bd7 12. Ne5 Be8 13. Bd3 Nd7 14. g4 Nxe5 15. Bxe5 c6 16. f3 Nxc3 17. bxc3 Bg6 18. f4 b6 19. cxb6 axb6 20. 0-0 Bd6 21. Rf2 gxf4 22. exf4 Bxe5 23. fxe5 Qg5 24. Rg2 f4 25. Bxg6 hxg6 26. Rf1 Kg7 27. Rf3 Rf7 28. Rgf2 Raf8 29. c4 Qd8 30. a4 c5 31. dxc5 bxc5 32. cxd5 Qxd5 33. Qc3 Qd1+ 34. Kg2 Qxa4 35. Qxc5 Qd7 1/2-1/2

[Event "Oberliga Bayern 1718"]
[Site "Bayern"]
[Date "2017.12.10"]
[Round "4.2"]
[White "Wisnet, Dominic"]
[Black "Jorczik, Julian Marcel"]
[Result "1/2-1/2"]
[WhiteElo "2274"]
[BlackElo "2362"]
[PlyCount "95"]
[EventDate "2017.10.22"]
[EventType "team-tourn"]
[EventRounds "9"]
[EventCountry "GER"]
[SourceTitle "EXT 2020"]
[Source "ChessBase"]
[SourceDate "2019.10.17"]
[SourceVersion "1"]
[SourceVersionDate "2019.10.17"]
[SourceQuality "1"]
[WhiteTeam "Passau"]
[BlackTeam "Muenchen Suedost"]
[WhiteTeamCountry "GER"]
[BlackTeamCountry "GER"]

1. c4 e5 2. g3 Nc6 3. Bg2 Bc5 4. Nc3 a6 5. Nf3 d6 6. 0-0 Nf6 7. d3 h6 8. Rb1 0-0 9. a3 Be6 10. b4 Ba7 11. Bb2 Qd7 12. Qc2 Ne7 13. c5 Ng6 14. d4 Bf5 15. e4 Bh3 16. Ne2 Rfe8 17. dxe5 dxe5 18. Nd2 b6 19. c6 Qe6 20. f3 Rad8 21. Nb3 Bxg2 22. Kxg2 Rd6 23. Rbc1 Ne7 24. Ned4 exd4 25. Nxd4 Qe5 26. Nf5 Nxf5 27. Bxe5 Ne3+ 28. Kh1 Nxc2 29. Bxd6 cxd6 30. Rxc2 Rc8 31. Rd1 Ne8 32. a4 b5 33. axb5 axb5 34. Rd5 Rb8 35. e5 Nc7 36. Rxd6 Kf8 37. f4 Bb6 38. Ra2 g6 39. Kg2 Rc8 40. Rd7 h5 41. Kh3 Ke8 42. Ra3 Bf2 43. Kg2 Bb6 44. Kh3 Rb8 45. Ra2 Rc8 46. Ra3 Kf8 47. Ra2 Ke8 48. Ra3 1/2-1/2

[Event "Oberliga Bayern 1718"]
[Site "Bayern"]
[Date "2017.11.26"]
[Round "3.2"]
[White "Jorczik, Julian Marcel"]
[Black "Speelman, Jonathan S"]
[Result "1/2-1/2"]
[WhiteElo "2362"]
[BlackElo "2509"]
[PlyCount "28"]
[EventDate "2017.10.22"]
[EventType "team-tourn"]
[EventRounds "9"]
[EventCountry "GER"]
[SourceTitle "EXT 2020"]
[Source "ChessBase"]
[SourceDate "2019.10.17"]
[SourceVersion "1"]
[SourceVersionDate "2019.10.17"]
[SourceQuality "1"]
[WhiteTeam "Muenchen Suedost"]
[BlackTeam "Muenchen 36"]
[WhiteTeamCountry "GER"]
[BlackTeamCountry "GER"]

1. d4 e6 2. c4 b6 3. a3 Bb7 4. Nc3 f5 5. d5 Nf6 6. Nf3 g6 7. g3 Bg7 8. Bg2 0-0 9. 0-0 Na6 10. Be3 Nc5 11. Rc1 Nfe4 12. Bd4 Bxd4 13. Nxd4 Qf6 14. Bxe4 Qe5 1/2-1/2

[Event "AUT-chT2W 1516"]
[Site "Austria"]
[Date "2016.03.05"]
[Round "10.3"]
[White "Jorczik, Julian Marcel"]
[Black "Matt, Stefan"]
[Result "1-0"]
[WhiteElo "2385"]
[BlackElo "2101"]
[PlyCount "139"]
[EventDate "2015.10.16"]
[EventType "team-tourn"]
[EventRounds "11"]
[EventCountry "AUT"]
[SourceTitle "EXT 2017"]
[Source "ChessBase"]
[SourceDate "2016.10.25"]
[SourceVersion "1"]
[SourceVersionDate "2016.10.25"]
[SourceQuality "1"]
[WhiteTeam "Bregenz"]
[BlackTeam "Pradl"]
[WhiteTeamCountry "AUT"]
[BlackTeamCountry "AUT"]

1. d4 Nf6 2. Nf3 g6 3. c4 d5 4. g3 Bg7 5. Bg2 0-0 6. 0-0 c5 7. dxc5 dxc4 8. Na3 Qc7 9. Qd4 Nc6 10. Qxc4 Bg4 11. Bf4 e5 12. Nb5 Qe7 13. Bg5 e4 14. Nfd4 Nxd4 15. Nxd4 Rac8 16. Rac1 Qe5 17. Bf4 Qh5 18. f3 Bd7 19. Kh1 Rfd8 20. Bd6 Bh3 21. Bxh3 Qxh3 22. Nb5 a6 23. Nc7 Rd7 24. Nd5 Nxd5 25. Qxd5 Bxb2 26. Rb1 Ba3 27. Qxe4 Bxc5 28. Bxc5 Rxc5 29. g4 Rcd5 30. Kg1 Qh4 31. Rxb7 Rxb7 32. Qxd5 Qe7 33. Rf2 Rb1+ 34. Kg2 Qa3 35. Qd8+ Kg7 36. Qd4+ Kg8 37. Qd8+ Kg7 38. Qd4+ Kg8 39. e4 Qc1 40. Qd8+ Kg7 41. Qd4+ Kg8 42. e5 Qg1+ 43. Kh3 Rd1 44. Qb6 Qe1 45. Qb2 Rd3 46. Kg2 Re3 47. Qb6 Rxe5 48. Qxa6 Kg7 49. Qc4 h5 50. h3 Qa1 51. Rd2 Re1 52. Qc5 hxg4 53. hxg4 Qf6 54. Kg3 Rh1 55. Qd4 Qxd4 56. Rxd4 g5 57. Rd6 Ra1 58. Ra6 Kh7 59. Kf2 Kg7 60. Ke3 Re1+ 61. Kd4 Rb1 62. a4 Rb4+ 63. Ke3 Rb3+ 64. Kd4 f6 65. a5 Rb4+ 66. Ke3 Rb3+ 67. Kf2 Ra3 68. Ra8 f5 69. gxf5 Kf6 70. a6 1-0

[Event "Oberliga Bayern 1516"]
[Site "Bayern"]
[Date "2015.10.25"]
[Round "2.2"]
[White "Mischustov, Michael"]
[Black "Jorczik, Julian Marcel"]
[Result "1-0"]
[WhiteElo "2313"]
[BlackElo "2326"]
[PlyCount "127"]
[EventDate "2015.10.11"]
[EventType "team-tourn"]
[EventRounds "9"]
[EventCountry "GER"]
[SourceTitle "EXT 2018"]
[Source "ChessBase"]
[SourceDate "2017.10.13"]
[SourceVersion "1"]
[SourceVersionDate "2017.10.13"]
[SourceQuality "1"]
[WhiteTeam "Nuernberg NT"]
[BlackTeam "Muenchen Suedost"]
[WhiteTeamCountry "GER"]
[BlackTeamCountry "GER"]

1. e4 e6 2. d4 d5 3. e5 c5 4. c3 Nc6 5. Nf3 Bd7 6. a3 f6 7. Bd3 Qc7 8. 0-0 c4 9. Bc2 0-0-0 10. Re1 Nge7 11. b3 cxb3 12. Bxb3 Na5 13. Bc2 Nec6 14. a4 fxe5 15. dxe5 Bc5 16. Ba3 Qb6 17. Qe2 h6 18. Ra2 Nc4 19. Bxc5 Qxc5 20. Nbd2 N4a5 21. Qd3 Rhf8 22. Rb2 a6 23. Nb3 Nxb3 24. Rxb3 Rf4 25. Reb1 Na5 26. Rb4 Rdf8 27. Qd2 g5 28. Rxf4 Rxf4 29. Rb4 Nc4 30. Qc1 a5 31. Rb1 Qa3 32. Qe1 Qc5 33. Bd3 Bxa4 34. Nd4 Bd7 35. g3 Rf8 36. Bxc4 Qxc4 37. Rb6 Re8 38. Qa1 Qc5 39. Qb2 Qc7 40. Rd6 Kb8 41. Qa3 h5 42. Nb3 b6 43. Nd4 Kb7 44. Qb2 Re7 45. Qd2 g4 46. Qg5 Rh7 47. Qg6 Re7 48. Qf6 Rh7 49. Nxe6 Bxe6 50. Qxe6 Qc5 51. Rd7+ Rxd7 52. Qxd7+ Ka6 53. e6 Qxc3 54. Qxd5 Qe1+ 55. Kg2 a4 56. Qd3+ b5 57. Qe3 Qd1 58. e7 Qd5+ 59. Kf1 Qd1+ 60. Qe1 Qf3 61. Qe6+ Ka5 62. e8Q Qh1+ 63. Ke2 Qf3+ 64. Ke1 1-0

[Event "AUT-chT2W 1415"]
[Site "Austria"]
[Date "2015.03.06"]
[Round "9.5"]
[White "Jorczik, Julian Marcel"]
[Black "Krstic, Uros"]
[Result "1/2-1/2"]
[WhiteElo "2400"]
[BlackElo "2436"]
[PlyCount "102"]
[EventDate "2014.10.10"]
[EventType "team-tourn"]
[EventRounds "11"]
[EventCountry "AUT"]
[SourceTitle "EXT 2016"]
[Source "ChessBase"]
[SourceDate "2015.10.08"]
[SourceVersion "1"]
[SourceVersionDate "2015.10.08"]
[SourceQuality "1"]
[WhiteTeam "Bregenz"]
[BlackTeam "Schwarzach"]
[WhiteTeamCountry "AUT"]
[BlackTeamCountry "AUT"]

1. d4 g6 2. e4 c6 3. Nc3 d5 4. h3 Bg7 5. Nf3 Nh6 6. Bd3 dxe4 7. Nxe4 Nf5 8. c3 0-0 9. Bf4 Nd6 10. Nxd6 exd6 11. 0-0 d5 12. Qd2 Be6 13. Rfe1 Re8 14. Ng5 Nd7 15. Nxe6 fxe6 16. Re2 Qe7 17. Rae1 Qf7 18. Bd6 Rad8 19. Qg5 Nf6 20. Be5 Rd7 21. Re3 Nh5 22. Bh2 Bf6 23. Qg4 Ng7 24. Qe2 Rf8 25. Rf3 Qe8 26. Be5 Bxe5 27. Rxf8+ Qxf8 28. Qxe5 Rf7 29. Qe3 Qd6 30. g3 Rc7 31. b4 b6 32. Bf1 Re7 33. h4 Rf7 34. Bh3 Rf6 35. Qg5 Kf7 36. Qh6 Kg8 37. Qg5 Kf7 38. f4 h5 39. Qe5 Ke7 40. Kf2 Qxe5 41. Rxe5 Rf8 42. Re1 Rc8 43. Rb1 Kf6 44. a4 Rc7 45. Bf1 c5 46. bxc5 bxc5 47. dxc5 Rxc5 48. Rb3 Ra5 49. Rb4 Rc5 50. Rb3 Ra5 51. Rb4 Rc5 1/2-1/2

[Event "Bundesliga 1415"]
[Site "Germany"]
[Date "2015.02.22"]
[Round "11.1"]
[White "Jorczik, Julian Marcel"]
[Black "Hector, Jonny"]
[Result "0-1"]
[WhiteElo "2400"]
[BlackElo "2488"]
[PlyCount "60"]
[EventDate "2014.10.18"]
[EventType "team-tourn"]
[EventRounds "15"]
[EventCountry "GER"]
[SourceTitle "CBM 165"]
[Source "ChessBase"]
[SourceDate "2015.03.11"]
[SourceVersion "1"]
[SourceVersionDate "2015.03.11"]
[SourceQuality "1"]
[WhiteTeam "Bayern Muenchen"]
[BlackTeam "Emsdetten Turm"]
[WhiteTeamCountry "GER"]
[BlackTeamCountry "GER"]

1. d4 d5 2. c4 c6 3. Nf3 Nf6 4. Nc3 dxc4 5. a4 Bf5 6. Ne5 Nbd7 7. Nxc4 Qc7 8. g3 e5 9. dxe5 Nxe5 10. Bf4 Nfd7 11. Bg2 Be7 12. Qd4 f6 13. 0-0 Rd8 14. Qxa7 Bc5 15. Qa5 b6 16. Qa6 Nb8 17. Qa8 0-0 18. Nxe5 fxe5 19. Bg5 Rd7 20. Rad1 Rxd1 21. Nxd1 Bc8 22. Nc3 Bb7 23. Qa7 Na6 24. Rd1 b5 25. Bd8 Bxa7 26. Bxc7 Bxf2+ 27. Kh1 Nxc7 28. Rd7 Bb6 29. axb5 Bc8 30. Rd6 Bc5 0-1

[Event "Barcelona Sants op 16th"]
[Site "Barcelona"]
[Date "2014.08.29"]
[Round "8"]
[White "Aroshidze, Levan"]
[Black "Jorczik, Julian Marcel"]
[Result "1-0"]
[WhiteElo "2539"]
[BlackElo "2399"]
[PlyCount "107"]
[EventDate "2014.08.22"]
[EventType "swiss"]
[EventRounds "10"]
[EventCountry "ESP"]
[SourceTitle "CBM 162 Extra"]
[Source "ChessBase"]
[SourceDate "2014.10.17"]
[SourceVersion "1"]
[SourceVersionDate "2014.10.17"]
[SourceQuality "1"]

1. e4 e6 2. d4 d5 3. Nc3 Nf6 4. e5 Nfd7 5. f4 c5 6. Nf3 Nc6 7. Be3 Be7 8. Qd2 0-0 9. dxc5 Bxc5 10. 0-0-0 Qa5 11. a3 b6 12. Bb5 Bb7 13. Kb1 Rfc8 14. h4 a6 15. Bxc6 Bxc6 16. Nd4 Ba4 17. Nxa4 Qxa4 18. Qe2 Bf8 19. f5 Nc5 20. fxe6 Nxe6 21. Rhf1 Bc5 22. Qf2 Ra7 23. Nf5 Bxe3 24. Nxe3 d4 25. Nf5 Rac7 26. Rd2 Qa5 27. Nxd4 Qxe5 28. Re1 Qf4 29. Nxe6 Qxf2 30. Rxf2 Re7 31. Rfe2 fxe6 32. Rxe6 Rb7 33. R1e4 Kf7 34. Rd6 a5 35. a4 Rc5 36. b3 b5 37. axb5 Rcxb5 38. Kb2 h5 39. Rf4+ Kg8 40. Rfd4 Kf7 41. R6d5 Ke6 42. Rxb5 Rxb5 43. Ka3 Re5 44. c4 Re1 45. Rd5 Ra1+ 46. Kb2 Rg1 47. Rxh5 Rxg2+ 48. Ka3 Rh2 49. Rxa5 Rxh4 50. Kb4 Rh3 51. Rg5 Kf6 52. Rg1 g5 53. c5 Kf5 54. Kc4 1-0

[Event "Barcelona Sants op 16th"]
[Site "Barcelona"]
[Date "2014.08.28"]
[Round "7"]
[White "Jorczik, Julian Marcel"]
[Black "Maslov, Ivan"]
[Result "1-0"]
[WhiteElo "2399"]
[BlackElo "2163"]
[PlyCount "61"]
[EventDate "2014.08.22"]
[EventType "swiss"]
[EventRounds "10"]
[EventCountry "ESP"]
[SourceTitle "CBM 162 Extra"]
[Source "ChessBase"]
[SourceDate "2014.10.17"]
[SourceVersion "1"]
[SourceVersionDate "2014.10.17"]
[SourceQuality "1"]

1. d4 Nf6 2. Nf3 g6 3. c4 Bg7 4. Nc3 0-0 5. e4 d6 6. Be2 e5 7. Be3 exd4 8. Nxd4 Re8 9. f3 c6 10. Bf2 Nbd7 11. 0-0 Nc5 12. Qd2 Ne6 13. Nc2 Nh5 14. g3 Ng5 15. Be3 Nh3+ 16. Kg2 g5 17. Rad1 Re6 18. Kxh3 Rh6+ 19. Kg2 Bh3+ 20. Kg1 Bxf1 21. Bxf1 Bf6 22. Nd4 Bxd4 23. Qxd4 Ng7 24. h4 Rg6 25. hxg5 Ne6 26. Qxd6 Qa5 27. b4 Qa3 28. Qd2 Rd8 29. Qc1 Qxb4 30. Rxd8+ Nxd8 31. e5 1-0

[Event "Barcelona Sants op 16th"]
[Site "Barcelona"]
[Date "2014.08.27"]
[Round "6"]
[White "Jorczik, Julian Marcel"]
[Black "Rojano Alfonso, Carlos"]
[Result "1-0"]
[WhiteElo "2399"]
[BlackElo "2213"]
[PlyCount "117"]
[EventDate "2014.08.22"]
[EventType "swiss"]
[EventRounds "10"]
[EventCountry "ESP"]
[SourceTitle "CBM 162 Extra"]
[Source "ChessBase"]
[SourceDate "2014.10.17"]
[SourceVersion "1"]
[SourceVersionDate "2014.10.17"]
[SourceQuality "1"]

1. c4 e6 2. d4 Nf6 3. Nf3 b6 4. g3 Bb7 5. Bg2 Be7 6. 0-0 0-0 7. Re1 c5 8. d5 d6 9. e4 Ne8 10. Nc3 Nc7 11. e5 exd5 12. cxd5 b5 13. Bf4 dxe5 14. Nxe5 Bd6 15. Nc6 Bxc6 16. Bxd6 Qxd6 17. dxc6 Qxd1 18. Raxd1 Nba6 19. Rd7 b4 20. Nd5 Ne6 21. Bf1 Nb8 22. Rd6 Nxc6 23. Rxc6 Nd4 24. Ne7+ Kh8 25. Rc1 Nxc6 26. Nxc6 Rac8 27. Rxc5 Rc7 28. Bg2 g6 29. Kf1 Kg7 30. Rc4 Rfc8 31. b3 Rd7 32. Nxb4 Rd1+ 33. Ke2 Rcd8 34. Rc2 R1d4 35. Rc4 Re8+ 36. Kf3 Rd2 37. Bf1 Re1 38. Kg2 Rb1 39. Rc2 Rxc2 40. Nxc2 Rb2 41. Nb4 a5 42. Nd5 Rxa2 43. Bb5 Rc2 44. Ba4 Rc5 45. Nb6 h5 46. h4 Rf5 47. Nc4 Kf6 48. f4 Rd5 49. Kf2 Rc5 50. Ke3 Ke6 51. Kd4 Rd5+ 52. Ke4 Rc5 53. Be8 Ke7 54. Kd4 Rc8 55. Bxf7 Rd8+ 56. Bd5 Kf6 57. Nxa5 Kf5 58. Nc6 Rd7 59. Ne5 1-0

[Event "Barcelona Sants op 16th"]
[Site "Barcelona"]
[Date "2014.08.25"]
[Round "4"]
[White "Jorczik, Julian Marcel"]
[Black "Blomqvist, Erik"]
[Result "0-1"]
[WhiteElo "2399"]
[BlackElo "2506"]
[PlyCount "86"]
[EventDate "2014.08.22"]
[EventType "swiss"]
[EventRounds "10"]
[EventCountry "ESP"]
[SourceTitle "CBM 162 Extra"]
[Source "ChessBase"]
[SourceDate "2014.10.17"]
[SourceVersion "1"]
[SourceVersionDate "2014.10.17"]
[SourceQuality "1"]

1. d4 d5 2. c4 c6 3. Nf3 Nf6 4. Nc3 e6 5. e3 Nbd7 6. Qc2 b6 7. b3 Bb7 8. Be2 Be7 9. 0-0 0-0 10. Bb2 Qc7 11. Rad1 Rad8 12. Rfe1 Rfe8 13. Bf1 Qb8 14. g3 Qa8 15. Bg2 dxc4 16. bxc4 c5 17. d5 exd5 18. cxd5 Nxd5 19. Nxd5 Bxd5 20. Ng5 Nf6 21. Bxf6 Bxf6 22. Qxh7+ Kf8 23. Rxd5 Rxd5 24. Nh3 Qd8 25. Bxd5 Qxd5 26. Qc2 Rd8 27. Nf4 Qd2 28. Re2 Qd1+ 29. Kg2 g5 30. Qf5 Rd6 31. Nh5 Bd8 32. Qf3 c4 33. e4 c3 34. e5 Rh6 35. Nf6 c2 36. Qc6 Rxf6 37. exf6 Qxe2 38. Qd6+ Kg8 39. Qxd8+ Kh7 40. Qc7 Kg6 41. h4 gxh4 42. Qf4 Qe6 43. Qc1 Qd5+ 0-1

[Event "Bundesliga 1314"]
[Site "Germany"]
[Date "2014.04.05"]
[Round "14.4"]
[White "Jorczik, Julian Marcel"]
[Black "Baramidze, David"]
[Result "0-1"]
[WhiteElo "2405"]
[BlackElo "2613"]
[PlyCount "136"]
[EventDate "2013.10.12"]
[EventType "team-tourn"]
[EventRounds "15"]
[EventCountry "GER"]
[SourceTitle "CBM 160"]
[Source "ChessBase"]
[SourceDate "2014.05.15"]
[SourceVersion "1"]
[SourceVersionDate "2014.05.15"]
[SourceQuality "1"]
[WhiteTeam "Bayern Muenchen"]
[BlackTeam "Hockenheim"]
[WhiteTeamCountry "GER"]
[BlackTeamCountry "GER"]

1. d4 d5 2. c4 e6 3. Nc3 Nf6 4. Nf3 Be7 5. Bf4 0-0 6. e3 b6 7. cxd5 Nxd5 8. Nxd5 Qxd5 9. Bxc7 Bb4+ 10. Nd2 Ba6 11. f3 Bxf1 12. Rxf1 Nc6 13. a3 Rac8 14. Bg3 Bxd2+ 15. Qxd2 Na5 16. Rd1 Nc4 17. Qe2 Qb5 18. Rf2 Rfd8 19. Qd3 Qg5 20. Re2 b5 21. Kf1 a5 22. Be1 a4 23. b3 axb3 24. Qxb3 Qd5 25. Rb1 Qd6 26. Kg1 Qxa3 27. Qxa3 Nxa3 28. Rb3 Ra8 29. Kf2 f6 30. Bb4 Nc4 31. Bc5 Rdb8 32. Rc2 Kf7 33. e4 Ra4 34. Kg3 Rb7 35. d5 exd5 36. exd5 Na5 37. Rb4 Rxb4 38. Bxb4 Nc4 39. Kf4 Rd7 40. Ke4 f5+ 41. Kf4 Rxd5 42. Re2 h6 43. Re7+ Kf6 44. Rb7 g5+ 45. Kg3 f4+ 46. Kf2 h5 47. Bc3+ Ke6 48. Ke2 h4 49. Rg7 Ne3 50. Rg6+ Kf7 51. Rg7+ Kf8 52. Bf6 Rf5 53. Bd4 Rd5 54. Bf6 Rd6 55. Bb2 Nc4 56. Bc3 b4 57. Rc7 bxc3 58. Rxc4 Rd2+ 59. Ke1 Rxg2 60. Rxc3 Rxh2 61. Kf1 h3 62. Rc7 Rh1+ 63. Kf2 Ra1 64. Rh7 h2 65. Rxh2 Ra2+ 66. Kg1 Rxh2 67. Kxh2 Ke7 68. Kg2 Ke6 0-1

[Event "Bundesliga 1314"]
[Site "Germany"]
[Date "2014.03.15"]
[Round "11.3"]
[White "Jorczik, Julian Marcel"]
[Black "Bulski, Krzysztof"]
[Result "0-1"]
[WhiteElo "2405"]
[BlackElo "2534"]
[PlyCount "94"]
[EventDate "2013.10.12"]
[EventType "team-tourn"]
[EventRounds "15"]
[EventCountry "GER"]
[SourceTitle "CBM 160"]
[Source "ChessBase"]
[SourceDate "2014.05.15"]
[SourceVersion "1"]
[SourceVersionDate "2014.05.15"]
[SourceQuality "1"]
[WhiteTeam "Bayern Muenchen"]
[BlackTeam "Griesheim"]
[WhiteTeamCountry "GER"]
[BlackTeamCountry "GER"]

1. d4 Nf6 2. Nf3 e6 3. c4 Bb4+ 4. Nbd2 0-0 5. a3 Be7 6. e3 b6 7. Bd3 Bb7 8. 0-0 c5 9. b3 cxd4 10. exd4 d5 11. Qe2 Nbd7 12. Bb2 Rc8 13. Rfe1 Qc7 14. Rad1 Rfe8 15. Bb1 Bd6 16. Ne5 Nf8 17. Bd3 Ng6 18. Qe3 Qe7 19. Nb1 dxc4 20. bxc4 Bb8 21. Nd2 Qc7 22. Ndf3 Nd7 23. Bxg6 hxg6 24. g3 Nxe5 25. Nxe5 f6 26. Nxg6 Qxc4 27. d5 Qc2 28. d6 Qc6 29. f3 Bxd6 30. Kg2 Qc2+ 31. Rd2 Qxg6 32. Rxd6 Bd5 33. Re2 Rc2 34. Bd4 Rec8 35. Rxd5 exd5 36. Qe6+ Qf7 37. Qe3 Rxe2+ 38. Qxe2 Qd7 39. Qd3 Qa4 40. Kh3 Qc2 41. Qb5 Qc6 42. Qd3 Qc4 43. Qf5 Re8 44. Qg6 Rf8 45. Bb2 Qf1+ 46. Kg4 Qe2 47. Ba1 Rc8 0-1

[Event "Bundesliga 1314"]
[Site "Germany"]
[Date "2013.11.23"]
[Round "3.4"]
[White "Cyborowski, Lukasz"]
[Black "Jorczik, Julian Marcel"]
[Result "1-0"]
[WhiteElo "2526"]
[BlackElo "2405"]
[PlyCount "83"]
[EventDate "2013.10.12"]
[EventType "team-tourn"]
[EventRounds "15"]
[EventCountry "GER"]
[SourceTitle "CBM 158"]
[Source "ChessBase"]
[SourceDate "2014.01.16"]
[SourceVersion "1"]
[SourceVersionDate "2014.01.16"]
[SourceQuality "1"]
[WhiteTeam "Trier"]
[BlackTeam "Bayern Muenchen"]
[WhiteTeamCountry "GER"]
[BlackTeamCountry "GER"]

1. Nf3 Nf6 2. c4 b6 3. g3 Bb7 4. Bg2 e6 5. 0-0 Be7 6. Nc3 0-0 7. Re1 c5 8. e4 d6 9. d4 cxd4 10. Nxd4 Qc8 11. Be3 a6 12. Rc1 Nbd7 13. f4 Qc7 14. f5 e5 15. Nb3 Qd8 16. Nd5 Nxd5 17. cxd5 Bg5 18. Bxg5 Qxg5 19. Rc7 Bc8 20. Qc1 Qd8 21. Qc6 Nc5 22. Qxb6 Na4 23. Qa5 Nxb2 24. Rc6 Qe7 25. Bf1 Bd7 26. Qc7 Rfd8 27. Qxd6 Kf8 28. Qxe7+ Kxe7 29. Rxa6 Rxa6 30. Bxa6 Ra8 31. Nc5 Kd6 32. Rc1 Na4 33. Nxa4 Rxa6 34. Nc5 Rxa2 35. Nb7+ Ke7 36. Rc7 Ke8 37. Nc5 Bb5 38. Rb7 Bc4 39. d6 Ra8 40. Re7+ Kf8 41. Nd7+ Kg8 42. Nb6 1-0

[Event "Munich OIS op 33rd"]
[Site "Munich"]
[Date "2013.10.06"]
[Round "9"]
[White "Dmitrenko, Viktor"]
[Black "Jorczik, Julian Marcel"]
[Result "1-0"]
[WhiteElo "2353"]
[BlackElo "2405"]
[PlyCount "125"]
[EventDate "2013.09.28"]
[EventType "swiss"]
[EventRounds "9"]
[EventCountry "GER"]
[SourceTitle "CBM 156 Extra"]
[Source "ChessBase"]
[SourceDate "2013.10.22"]
[SourceVersion "1"]
[SourceVersionDate "2013.10.22"]
[SourceQuality "1"]

1. d4 Nf6 2. c4 g6 3. Nc3 Bg7 4. e4 d6 5. f3 0-0 6. Be3 a6 7. Qd2 Nbd7 8. Nge2 c5 9. dxc5 dxc5 10. Rd1 Qa5 11. Nf4 e6 12. Be2 Ne5 13. 0-0 Nfd7 14. h4 Nb6 15. Qd6 Nbxc4 16. Qxc5 b5 17. Bd4 Nd7 18. Qc6 Bxd4+ 19. Rxd4 Qb6 20. Qxb6 Ndxb6 21. Bxc4 Nxc4 22. Nd3 e5 23. Rd5 Ne3 24. Rxe5 Nxf1 25. Kxf1 Be6 26. Kf2 Bc4 27. Nc5 b4 28. Nd5 Bxa2 29. Nxb4 Bc4 30. b3 Bxb3 31. Ncxa6 Rfc8 32. Re7 Kf8 33. Rb7 Rc3 34. Nc7 Rc8 35. Nb5 Rc1 36. g4 Rd8 37. g5 Rh1 38. Nc6 Rd2+ 39. Ke3 Rhh2 40. Rb8+ Kg7 41. Nc7 Rde2+ 42. Kd4 f5 43. Rxb3 fxe4 44. fxe4 Rxh4 45. Ne8+ Kf7 46. Nf6 Ke6 47. Ne5 Rd2+ 48. Nd3 Rh3 49. Nd5 Rg3 50. N5f4+ Kd7 51. Rb7+ Kc6 52. Rxh7 Rxg5 53. Rh6 Rg3 54. Kc3 Rf2 55. Nxg6 Kb5 56. Kd4 Rf6 57. Rh5+ Kc6 58. Nge5+ Kd6 59. Nc4+ Ke6 60. Ra5 Rf1 61. Ra6+ Ke7 62. Ne3 Rh1 63. Nf5+ 1-0